[Event "North Wales Open"]
[Site "Llandudno"]
[Date "2019.06.23"]
[Round "5.10"]
[White "Pirga, Vlad"]
[Black "Farrar, Gordon"]
[Result "1/2-1/2"]
[WhiteElo "1513"]
[BlackElo "1750"]
[Annotator "kemen"]
[PlyCount "48"]
[EventDate "2019.06.22"]
[EventRounds "5"]
[EventCountry "WLS"]

1. e4 e5 2. Nf3 d6 3. Bc4 (3. d4 exd4 4. Nxd4 Nf6 5. Nc3 Be7 6. h3 O-O 7. Be3
Nc6 {Patrick-Farrar, rd3,1-0}) 3... Nf6 4. Nc3 (4. Ng5 d5 5. exd5 h6 6. Nf3 e4
{R Van Kemenade-Farrar,rd1, 0-1}) 4... Be7 5. O-O O-O 6. d4 exd4 7. Nxd4 Nxe4 (
7... c6 {main} 8. a4 Nxe4) 8. Nxe4 d5 9. Bd3 dxe4 10. Bxe4 {64% for Wh} Re8 (
10... Nd7) 11. Qd3 (11. c3 {73% for Wh}) 11... g6 12. Bh6 (12. Bf4 $11 {one
result each in 3 games}) 12... Na6 (12... Bf6 13. Rad1 c6 14. Rfe1 Nd7 15. Bxc6
Rxe1+ 16. Rxe1 Ne5 17. Qe4 (17. Qe3 $14) 17... bxc6 18. Nxc6 Bb7 $19 {
Dauer-Heiduczek,Bayern ch, Regensburg 2011,0-1}) 13. Nc6 {ingenious, but
shoudn't work} (13. Rfe1 Nc5 14. Qc4 $11) (13. Bf3 c5 14. Nb3 Qxd3 15. cxd3 Nb4
16. d4 $11) 13... bxc6 14. Bxc6 Qxd3 15. cxd3 Be6 16. Bxa8 Rxa8 $19 {the Bl
pieces should be far more active} 17. Be3 Nb4 18. Rfc1 Nd5 (18... Bd6 19. b3
Nxd3 $19) 19. Bc5 Bxc5 (19... Bf6 {keeping the 2 Bs reduces Wh to passivity}
20. Ba3 a5 21. Rc4 Kg7 $19 {Komodo13}) 20. Rxc5 $17 Rb8 21. b3 Kf8 22. Kf1 Ke8
23. g3 Kd7 24. h4 h5 $17 1/2-1/2

[Event "North Wales Open"]
[Site "Llandudno"]
[Date "2019.06.23"]
[Round "5.11"]
[White "Dewangan, Aayush"]
[Black "Francis, Matthew"]
[Result "1/2-1/2"]
[WhiteElo "1398"]
[BlackElo "1697"]
[Annotator "kemen"]
[PlyCount "72"]
[EventDate "2019.06.22"]
[EventRounds "5"]
[EventCountry "WLS"]

1. e4 c5 2. Nf3 a6 3. d4 cxd4 4. Nxd4 Nf6 5. Nc3 e5 6. Nf3 Bb4 7. Bc4 (7. Bd2)
(7. Bd3 {more frequent}) 7... Qc7 8. Qe2 {not the most accurate} (8. Qd3 {main,
protects c3}) (8. Bxf7+ {shouldn't work} Kxf7 9. Ng5+ Ke7 10. O-O Bxc3 11. bxc3
h6 (11... d6) 12. Ba3+ Ke8 (12... d6) 13. f4 hxg5 (13... d5 $1) 14. fxg5 Qb6+
15. Kh1 Qe6 16. gxf6 gxf6 $17 17. Rf5 d5 (17... d6) 18. Rh5 Rg8 (18... Qg8 $15)
19. Rh7 Nc6 $2 20. Qh5+ $18 Kd8 21. exd5 Qxd5 22. Rd1 Nd4 23. Rxd4 {
Haluza-Bermejo, CICom op, Buenos Aires 1966,1-0}) 8... O-O (8... b5 $15 9. Bb3
Bxc3+ 10. bxc3 d6 (10... Qxc3+ 11. Qd2 Qxd2+ (11... Qxa1 12. O-O Bb7 13. Ba3
Nxe4 14. Qb4 Nc6 15. Bxf7+ Kd8 16. Qxe4 Qc3 $11 {Komodo13}) 12. Nxd2 Ke7 $11)
11. O-O Nbd7 $15 {Komodo13}) 9. O-O (9. Bd2 $11) 9... Bxc3 (9... d6 10. Nd5
Nxd5 11. Bxd5 Bg4 12. c3 Ba5 13. h3 Bxf3 14. Qxf3 $16 {Chernoff-Downey,
Guernsey op 2011,1-0}) 10. bxc3 d6 $15 11. Bg5 Nbd7 12. Rab1 b5 (12... h6) 13.
Bd5 (13. Bd3 h6 $17) 13... Nxd5 14. exd5 Qxc3 {missing Wh's reply} (14... Nb6
$19 {the d pawn is dead}) (14... f6 15. Bd2 Nb6 {is another way to a Bl
advantage}) 15. Be7 Re8 16. Bxd6 f6 (16... e4 $1 17. Bb4 Qf6 18. Nd2 Qg6 {and
Bl's e pawn is an attacker, while the Wh d pawn is a liability}) 17. Bb4 (17.
Rb3 $11 {Komodo13}) 17... Qc7 $11 18. d6 Qb6 19. c4 a5 20. Bd2 b4 21. a3 (21.
Rfd1 $11) 21... Qxd6 (21... b3 $5 {Rudy} 22. Be3 {Bl has no time to play a4,
supporting the advanced pawn} Qxd6 23. Rxb3 Ba6 $11 {Komodo13}) 22. axb4 axb4
23. Bxb4 $11 Qc7 24. Nd4 Ba6 (24... Bb7 $5) 25. Nb5 Bxb5 (25... Qc6 26. Nd6
Red8 27. Qg4 Nf8 28. Rfd1 Bc8 $11 {Komodo13}) 26. cxb5 $14 Qb7 (26... Rec8) 27.
Qc4+ $16 Kh8 28. Bd6 (28. Rfd1) 28... Rec8 29. Qb3 Nb6 30. Rfc1 h6 31. h3 Qd7
32. Rc6 (32. Rd1) 32... Rxc6 33. bxc6 Qxd6 34. Qxb6 Rc8 $11 35. Rc1 Qd2 36. Qe3
{this dangerous, as it disrupts the Wh pawn structure.} Qd6 {Draw?} (36... Qxe3
37. fxe3 Kg8 {& Bl can play on; hoping to win the c pawn. The resulting R & 4
pawns vs R & 3 endgame would be awkward for Wh becuse of the e4 square
weakness#} 38. Kf2 Kf7 39. Kf3 Ke6 40. h4 g6 41. g4 Kd6 42. h5 gxh5 43. gxh5 f5
44. e4 f4 45. Rd1+ Kxc6 46. Rd5 Re8 47. Kf2 {and Komodo13 has worked out a
dynamic save for Wh}) 1/2-1/2